000 00436nam a2200169Ia 4500
008 221030s9999 xx 000 0 und d
020 _a9332556911
041 _aEnglish
100 _aL. Cromwell
245 0 _aBiomedical Instrumentation & measurements
_cby L. Cromwell, F. J. Welbell
250 _a2nd
260 _bPearson Education
_aNew Delhi
_c2016
300 _a510
650 _aECE
700 _aF. J. Welbell
942 _cBK
999 _c17083
_d17083